A study of proteins associated with storage oil droplets/bodies in oil palm fruits /
Saved in:
| Main Author: | |
|---|---|
| Format: | Thesis Book |
| Language: | English |
| Published: |
1997.
|
| Subjects: | |
| Tags: |
Add Tag
No Tags, Be the first to tag this record!
|
| LEADER | 01051cam a2200277 a 4500 | ||
|---|---|---|---|
| 001 | u425556 | ||
| 003 | SIRSI | ||
| 008 | 980216s1997 may t 00 1 eng m | ||
| 035 | |a ACF-2954 | ||
| 040 | |a UMM | ||
| 090 | |a QK898 |b P8Ram | ||
| 091 | |a Microfiche 14564 | ||
| 100 | 0 | 0 | |a Rameshvaran Rajasingam. |
| 245 | 1 | 2 | |a A study of proteins associated with storage oil droplets/bodies in oil palm fruits / |c Rameshvaran a/l Rajasingam. |
| 260 | |c 1997. | ||
| 300 | |a xiv, 135 leaves : |b ill. ; |c 30cm. | ||
| 500 | |a Microfiche. Kuala Lumpur : University of Malaya Library, 2000. 2 fiches : negative ; 11 x 15 cm. | ||
| 502 | |a Dissertation (M.Sc) -- Jabatan Biokimia, Fakulti Perubatan, Universiti Malaya, 1997. | ||
| 504 | |a Includes bibliographical references. | ||
| 650 | 0 | |a Palm oil |x Composition | |
| 650 | 0 | |a Oils and fats, Edible |x Analysis | |
| 650 | 0 | |a Plant proteins. | |
| 710 | 2 | 0 | |a Universiti Malaya. |b Jabatan Biokimia. |
| 948 | |a 19/06/1998 |b 19/06/2002 | ||
| 596 | |a 1 | ||
| 999 | |a QK898 P8RAM |w LC |c 1 |i A508303740 |l STACKS |m P01UTAMA |r Y |s Y |t TESIS |u 10/11/1998 | ||
